|
|
|
|
| LEADER |
00000nab a2200000 a 4500 |
| 001 |
vtls000132570 |
| 003 |
SK-MaSNL |
| 005 |
20260303032329.0 |
| 008 |
150501c1982 xo 0 slo |
| 015 |
|
|
|a SNBRB19rr/mm-uuuuu
|
| 035 |
|
|
|a CL0142676
|
| 040 |
|
|
|a SNKBUCL
|b slo
|c SNKBUCL
|e AACR2
|
| 041 |
0 |
|
|a slo
|
| 044 |
|
|
|a xo
|c SK
|
| 080 |
|
|
|a 78.071
|2 1981
|
| 080 |
|
|
|a 784.66
|2 1981
|
| 080 |
|
|
|a 929 Germanová, Anna
|2 1981
|
| 100 |
1 |
|
|a Hora, Fero,
|d 1948-2017
|4 aut
|9 167571
|
| 245 |
1 |
0 |
|a Spomienka na Annu Germanovú
|b Zaujímavá postava populárnej hudby
|c Fero Hora
|
| 300 |
|
|
|b Obr. 1.
|
| 650 |
0 |
7 |
|a Germanová, Anna
|2 snkbucl
|9 1015075
|
| 655 |
|
7 |
|a články z novín a časopisov
|2 snkbucl
|9 267496
|
| 773 |
0 |
|
|t Ľud
|g Roč. 35, č. 268 (11. 11. 1982), s. 5
|
| 850 |
|
|
|a Slovenská národná knižnica v Martine
|a MTA001
|
| 852 |
|
|
|a SNK
|b KIS3GCP
|
| 958 |
|
|
|a RK
|
| 958 |
|
|
|a PL
|
| 992 |
|
|
|a RBX
|
| 999 |
|
|
|c 1663773
|d 1665703
|